00436nam a2200133 a 450000100100000000500170001000800410002704000250006808200150009310000270010824500580013526000750019330000340026800003004320200930060009.0110428s1981 dr ac 000 0 spa d aDO-SdBNPbspacBNPHU axxxbB496e1 aBergés G., Frederich10aEconomistas contemporáneos /cFrederich Bergés G. aSanto Domingo :bFondo para el Avance de las Ciencias Sociales,c1981. a32 p. :bil., retr. ;c21 cm.